MLB Old Teams - Statistics

General Stats
  • This quiz has been taken 10 times
  • The average score is 4 of 5
Answer Stats
Picture Answer % Correct
Nationals
100%
Twins
78%
Orioles
67%
Brewers
56%
Rangers
56%
No matching quizzes found
Score Distribution
Percent of People with Each Score
Percentile by Number Answered
Your Score History
You have not taken this quiz